• 首页
  • 本馆介绍
  • 公告通知
  • 最新文献
  • 馆藏检索
  • 电子资源
  • 读者导购
  • 参考咨询
  • 我的图书馆
  • 登录
  • 详细信息显示
  • 放入我的书架
  • 预约/预借图书
  • 作者相关作品
  • 分类相关作品
  • 丛书相关作品
  • 出版社相关作品

书目信息

  • 表格格式
  • 工作单格式
  • 卡片格式
题名:
论中国哲学史
    
 
作者: ;中国哲学史学会 , 浙江省社会科学研究所 编
分册:  
出版信息: 杭州   浙江人民出版社  1983
页数: 402页
开本: 19cm
丛书名:
单 册:
中图分类: B2-53
科图分类:
主题词: 哲学史--中国--文集
电子资源:
ISBN:
000 00891nam0 2200253 45
001 0183005501
005 20050523162122.5
010    @dCNY1.41
091    @a2103.3
100    @a19950524d1983 emky0chiy0121 ea
101 0  @achi
102    @aCN@b330000
105    @ay z 100yy
200 10 @a论中国哲学史@Alun zhong guo zhe xue shi@e宋明理学讨论会论文集@ESong Ming Li Xue Tao Lun Hui Lun Wen Ji@f中国哲学史学会,浙江省社会科学研究所编@FZhong Guo Zhe Xue Shi Xue Hui,Zhe Jiang Sheng She Hui Ke Xue Yan Jiu Suo Bian
210    @a杭州@c浙江人民出版社@d1983
215    @a402页@d19cm
517    @a宋明理学讨论会论文集@ASong Ming Li Xue Tao Lun Hui Lun Wen Ji
606    @a哲学史@x中国@x文集
690    @aB2-53@v3
711 02 @a中国哲学史学会@4编
711 02 @a浙江省社会科学研究所@4编
801  0 @aCN@b上海图书馆@c20040105
801  2 @aCN@bNLC@c20040105
905    @dB2-53@e21@f1@b176766
    
    论中国哲学史:宋明理学讨论会论文集/中国哲学史学会,浙江省社会科学研究所编.-杭州:浙江人民出版社,1983
    402页;19cm
    
    
    ISBN :CNY1.41
    
●
相关链接 在E读中查询图书 在五车中查询图书 在当当中查询图书 在豆瓣中查询图书


正题名:论中国哲学史     索取号:B2-53/21         预约/预借

序号 登录号 条形码 馆藏地/架位号 状态 备注
1 0091537   001123457   第一借阅区/ [索取号:B2-53/21] 在馆    
2 0091538   001864851   密集书库/ [索取号:B2-53/21] 在馆    
3 0091539   001864815   密集书库/ [索取号:B2-53/21] 在馆    
4 0176766   002049170   第一样本阅览室/ [索取号:B2-53/21] 在馆    
5 0176767   001123411   第一借阅区/ [索取号:B2-53/21] 在馆    
唐山师范学院图书馆 欢迎您!
大连网信软件有限公司© 版权所有